Writing talk. (Record no. 529598)

000 -LEADER
fixed length control field 01014cam a2200265 a 4500
020 ## - INTERNATIONAL STANDARD BOOK NUMBER
International Standard Book Number 0131523686 (text)
020 ## - INTERNATIONAL STANDARD BOOK NUMBER
International Standard Book Number 0131523694 (IE)
082 00 - DEWEY DECIMAL CLASSIFICATION NUMBER
Classification number 808/.042
100 1# - MAIN ENTRY--PERSONAL NAME
Personal name Winkler, Anthony C.
245 10 - TITLE STATEMENT
Title Writing talk.
Statement of responsibility, etc. Anthony C. Winkler, Jo Ray McCuen-Metherell.
250 ## - EDITION STATEMENT
Edition statement 4th ed.
260 ## - PUBLICATION, DISTRIBUTION, ETC.
Place of publication, distribution, etc. Upper Saddle River, N.J. :
Name of publisher, distributor, etc. Pearson Education,
Date of publication, distribution, etc. c2006.
300 ## - PHYSICAL DESCRIPTION
Extent xviii, 624 p. :
Other physical details ill. ;
Dimensions 28 cm.
942 ## - ADDED ENTRY ELEMENTS (KOHA)
Source of classification or shelving scheme
Koha item type Book
650 #0 - SUBJECT ADDED ENTRY--TOPICAL TERM
Topical term or geographic name entry element English language
650 #0 - SUBJECT ADDED ENTRY--TOPICAL TERM
Topical term or geographic name entry element English language
650 #0 - SUBJECT ADDED ENTRY--TOPICAL TERM
Topical term or geographic name entry element English language
650 #0 - SUBJECT ADDED ENTRY--TOPICAL TERM
Topical term or geographic name entry element Report writing
650 #0 - SUBJECT ADDED ENTRY--TOPICAL TERM
Topical term or geographic name entry element College readers.
700 1# - ADDED ENTRY--PERSONAL NAME
Personal name McCuen, Jo Ray,
Dates associated with a name 1929-
650 #0 - SUBJECT ADDED ENTRY--TOPICAL TERM
-- 21924
650 #0 - SUBJECT ADDED ENTRY--TOPICAL TERM
-- 21925
650 #0 - SUBJECT ADDED ENTRY--TOPICAL TERM
-- 13133
650 #0 - SUBJECT ADDED ENTRY--TOPICAL TERM
-- 21926
650 #0 - SUBJECT ADDED ENTRY--TOPICAL TERM
-- 21927
700 1# - ADDED ENTRY--PERSONAL NAME
-- 21928
Holdings
Withdrawn status Lost status Source of classification or shelving scheme Damaged status Not for loan Permanent Location Current Location Date acquired Total Checkouts Full call number Barcode Date last seen Date last checked out Price effective from Koha item type
          NUST Law School (NLS) NUST Law School (NLS) 09/28/2019 1 808.042 NBS7212 12/26/2021 12/10/2021 09/28/2019 Book
© 2023 Central Library, National University of Sciences and Technology. All Rights Reserved.